000 01430nam0a22003011 4500
001 rc\3022404
005 20250810060736.0
035 _a(NLR Aleph) 007164259
090 _a7280465
_c7280465
100 _a20110928d1945 u y0rusy50 ca
101 0 _arus
102 _aRU
105 _aa z |||||
200 1 _aМеталлические трубчатые леса для отделочных работ системы инж. П.Н. Ершова
210 _a[Москва]
_cСтройиздат
_d1945
_g13-я тип. треста "Полиграфкнига"
215 _a13 с.
_cил., черт.
_d19 см
225 1 _aРекомендованные изобретения и технические усовершенствования
_fНар. комиссариат по строительству СССР. Техн. упр. Бюро по делам изобретательства
_vРИ-202-45
300 _aНа обороте тит. л.: Ред. С.С. Пэн
300 _aБез обл.
702 1 _aПэн
_bС.С.
_4340
712 0 1 _aСССР
_bНародный комиссариат по строительству
_bБюро по делам изобретательства
_4570
801 0 _aRU
_bNLR
_gpsbo
801 1 _aRU
_bELAR
_2rusmarc
852 _aNLR
_jТ80 Г-4/510
942 _cBOOK
945 _aРоссийская национальная библиотека
980 _aNB
980 _aBV